Countries Where English Is An Official Language - Statistics

General Stats
  • This quiz has been taken 28 times
    7 since last reset
  • The average score is 23 of 54
Answer Stats
Answer % Correct
Canada
100%
Ireland
86%
South Africa
86%
Seychelles
71%
Vanuatu
71%
Fiji
57%
Kenya
57%
Namibia
57%
Nauru
57%
Nigeria
57%
Samoa
57%
Sierra Leone
57%
Tonga
57%
Tuvalu
57%
Zambia
57%
Bahamas
43%
Barbados
43%
Belize
43%
Cameroon
43%
Ghana
43%
Grenada
43%
Kiribati
43%
Liberia
43%
Marshall Islands
43%
Mauritius
43%
Micronesia
43%
Palau
43%
Philippines
43%
Saint Kitts and Nevis
43%
Singapore
43%
Solomon Islands
43%
Tanzania
43%
Uganda
43%
Zimbabwe
43%
Antigua and Barbuda
29%
Botswana
29%
Burundi
29%
Dominica
29%
Eswatini
29%
Gambia
29%
Guyana
29%
India
29%
Jamaica
29%
Lesotho
29%
Malawi
29%
Malta
29%
Papua New Guinea
29%
Rwanda
29%
Saint Lucia
29%
Saint Vincent and the Grenadines
29%
South Sudan
29%
Sudan
29%
Pakistan
14%
Trinidad and Tobago
14%
No matching quizzes found
Score Distribution
Percent of People with Each Score
Percentile by Number Answered
Your Score History
You have not taken this quiz since the last reset